[Event "Nordic Championship"]
[Site "Vaxjo"]
[Date "2017.06.26"]
[Round "1.1"]
[White "Grandelius, Nils"]
[Black "Fors, Tomas"]
[Result "1-0"]
[WhiteElo "2655"]
[BlackElo "2157"]

1.Nf3 Nf6 2.g3 b5 3.Na3 a6 4.c4 b4 5.Nc2 e6 6.Bg2 Bb7 7.d4 Be7 8.O-O O-O 
9.d5 exd5 10.Nh4 c6 11.cxd5 Nxd5 12.Nf5 a5 13.e4 Nf6 14.e5 Ne8 15.Re1 Na6 
16.Ncd4 Nc5 17.Qg4 Ne6 18.Bh6 Nxd4 19.Nxg7 Kh8 20.Nxe8 Bg5 21.Bg7+ 1-0

[Event "Nordic Championship"]
[Site "Vaxjo"]
[Date "2017.06.26"]
[Round "1.2"]
[White "Wahlund, Max"]
[Black "Blomqvist, Erik"]
[Result "1/2-1/2"]
[WhiteElo "2142"]
[BlackElo "2554"]

1.d4 d5 2.Nf3 Nf6 3.c4 c6 4.Qc2 g6 5.Bf4 Bg7 6.h3 O-O 7.e3 Na6 8.Nc3 c5 9.
Be2 cxd4 10.exd4 dxc4 11.Bxc4 Nb4 12.Qd2 b6 13.O-O Bb7 14.Ne5 Rc8 15.Bb3 
Nbd5 16.Rac1 Nxf4 17.Qxf4 e6 18.Rfe1 Rc7 19.Nxf7 Rcxf7 20.Bxe6 Kh8 21.Bxf7
Rxf7 22.d5 Rd7 23.Qg5 b5 24.a3 a5 25.Qh4 Qf8 26.Re6 b4 27.axb4 axb4 28.Ne4
Nxe4 29.Rxe4 Rxd5 30.Qe7 Qxe7 31.Rxe7 Bxb2 32.Re8+ Kg7 33.Rc7+ Kf6 34.Rxb7
Be5 35.g3 Bc3 36.g4 h5 37.Rb6+ Kg5 38.Kg2 hxg4 39.hxg4 Rd4 40.Rb5+ Kxg4 
41.f3+ Kf4 42.Re4+ Rxe4 43.fxe4 Kxe4 44.Kg3 Kd3 45.Kg4 Bd2 46.Rxb4 Bxb4 
47.Kg5 1/2-1/2

[Event "Nordic Championship"]
[Site "Vaxjo"]
[Date "2017.06.26"]
[Round "1.3"]
[White "Ziska, Helgi Dam"]
[Black "Storme, Isak"]
[Result "1-0"]
[WhiteElo "2544"]
[BlackElo "2129"]

1.e4 c5 2.Nf3 Nc6 3.Bb5 d6 4.O-O Bd7 5.Re1 Nf6 6.c3 a6 7.Bc4 Bg4 8.d4 b5 
9.Bf1 cxd4 10.cxd4 g6 11.a4 b4 12.a5 Bg7 13.d5 Ne5 14.Qa4+ Bd7 15.Qxb4 
Nxf3+ 16.gxf3 O-O 17.Be3 Nh5 18.Nd2 Be5 19.Nc4 Bf4 20.Bb6 Qe8 21.e5 dxe5 
22.Nxe5 Qc8 23.Qxe7 Bh3 24.d6 Bxf1 25.d7 Qc2 26.Kxf1 Qf5 27.Ng4 Bg5 28.Qe5
Qd3+ 29.Kg1 Bf4 30.Qe4 Qxd7 31.Qxf4 1-0

[Event "Nordic Championship"]
[Site "Vaxjo"]
[Date "2017.06.26"]
[Round "1.4"]
[White "Ask, Josef"]
[Black "Hjartarson, Johann"]
[Result "0-1"]
[WhiteElo "2120"]
[BlackElo "2541"]

1.e4 c5 2.d4 cxd4 3.c3 dxc3 4.Nxc3 Nc6 5.Nf3 d6 6.Bc4 e6 7.O-O Nf6 8.Qe2 
Be7 9.Rd1 e5 10.Be3 O-O 11.b4 Bg4 12.b5 Na5 13.Bd3 Rc8 14.Rac1 b6 15.h3 
Be6 16.Nd2 g6 17.f4 exf4 18.Bxf4 Nh5 19.Bh6 Re8 20.Nf3 d5 21.e5 Qd7 22.Kh2
f5 23.Qb2 Rc7 24.Ne2 Rxc1 25.Rxc1 Nc4 26.Bxc4 dxc4 27.Ned4 Bd5 28.Re1 Bc5 
29.Qc3 Bxf3 30.Nxf3 Qxb5 31.g4 Bb4 32.Qb2 fxg4 33.hxg4 Ng7 34.a3 Qd5 35.
Qxb4 Qxf3 36.Qxc4+ Ne6 37.Rf1 Qxa3 38.Qc6 Qe7 39.Kh3 g5 40.Qc4 Qa3+ 41.Kg2
Qb2+ 42.Rf2 Qxe5 43.Rf5 b5 44.Qa2 Qe4+ 45.Kh2 Kh8 46.Qxa7 Rc8 47.Qa1+ Nd4 
48.Rf2 Qxg4 49.Bxg5 Qh5+ 0-1

[Event "Nordic Championship"]
[Site "Vaxjo"]
[Date "2017.06.26"]
[Round "1.5"]
[White "Rasmussen, Allan Stig"]
[Black "Aroven, Mikael"]
[Result "1-0"]
[WhiteElo "2540"]
[BlackElo "2114"]

1.e4 c5 2.Nf3 e6 3.d4 cxd4 4.Nxd4 a6 5.c4 Qc7 6.Nc3 b6 7.Be3 Bb7 8.Rc1 d6 
9.Bd3 Nd7 10.f4 Ngf6 11.b4 Rc8 12.O-O Be7 13.f5 e5 14.Nb3 Qb8 15.Qe2 Qa8 
16.Nd2 O-O 17.g4 d5 18.Nxd5 Nxd5 19.cxd5 Bxb4 20.Rb1 Bc5 21.Rb3 b5 22.Bb1 
Qb8 23.g5 Qd6 24.Bxc5 Qxc5+ 25.Kg2 Qd4 26.Rd3 Qb6 27.Rh3 Rfe8 28.Qh5 Nf8 
29.f6 Rc7 30.fxg7 Kxg7 31.Rf6 Qd4 32.Qh6+ Kg8 33.g6 fxg6 34.Rhf3 Rg7 35.
Rd3 Qb4 36.a3 Qe7 37.Rdf3 Nd7 38.Re6 Qd8 39.Ba2 Nc5 40.Ref6 Bc8 41.Qe3 Nd7
42.d6+ Kh8 43.Rf7 Rf8 44.Rxf8+ Nxf8 45.Qc3 Qe8 46.Qxe5 Ne6 47.Rf6 1-0

[Event "Nordic Championship"]
[Site "Vaxjo"]
[Date "2017.06.26"]
[Round "1.6"]
[White "Thornblad, Erik"]
[Black "Smith, Axel"]
[Result "0-1"]
[WhiteElo "2107"]
[BlackElo "2505"]

1.e4 c5 2.Nf3 e6 3.d4 cxd4 4.Nxd4 a6 5.c4 Nf6 6.Nc3 Qc7 7.a3 b6 8.Be3 Bb7 
9.f3 d6 10.Be2 Nbd7 11.O-O Rc8 12.Rc1 Be7 13.b4 O-O 14.Qd2 Qb8 15.Rfd1 
Rfe8 16.Nb3 h5 17.Na4 Ba8 18.Bf4 b5 19.cxb5 Rxc1 20.Rxc1 axb5 21.Nc3 Rd8 
22.Nxb5 Nb6 23.Na5 e5 24.Be3 d5 25.Qc2 Rc8 26.Qb2 dxe4 27.fxe4 Bxe4 28.
Rxc8+ Nxc8 29.Qc3 Nd5 30.Qd2 Qa8 31.Bxh5 g6 32.Bf3 Bxf3 33.gxf3 Nxe3 34.
Qxe3 Qd5 35.Kg2 Qxb5 0-1

[Event "Nordic Championship"]
[Site "Vaxjo"]
[Date "2017.06.26"]
[Round "1.7"]
[White "Westerberg, Jonathan"]
[Black "Rishovd, Svein"]
[Result "1-0"]
[WhiteElo "2468"]
[BlackElo "2092"]

1.e4 e6 2.d4 d5 3.Nc3 Bb4 4.Qd3 dxe4 5.Qxe4 Nf6 6.Qh4 c5 7.dxc5 Bxc3+ 8.
bxc3 Nbd7 9.Ba3 Qc7 10.Qd4 Ne5 11.Bb5+ Bd7 12.Bxd7+ Nfxd7 13.Ne2 O-O 14.
O-O Rac8 15.f4 Nc6 16.Qa4 Rfd8 17.Rad1 Nf6 18.Nd4 Nd5 19.Nb5 Qa5 20.Qxa5 
Nxa5 21.Nd6 Rxd6 22.cxd6 Nc4 23.d7 Rd8 24.Rxd5 Nxa3 25.Ra5 Nxc2 26.Rxa7 
Ne3 27.Rb1 Nd5 28.Rbxb7 Kf8 29.c4 Nxf4 30.c5 Ne2+ 31.Kf2 Nd4 32.Ra6 Ke7 
33.c6 1-0

[Event "Nordic Championship"]
[Site "Vaxjo"]
[Date "2017.06.26"]
[Round "1.8"]
[White "Carlsson, Ludvig"]
[Black "Thybo, Jesper Sondergaard"]
[Result "0-1"]
[WhiteElo "2088"]
[BlackElo "2465"]

1.c4 c5 2.Nf3 Nc6 3.d4 cxd4 4.Nxd4 Nf6 5.Nc3 e6 6.e3 Bb4 7.Nb5 O-O 8.a3 
Be7 9.Be2 d5 10.cxd5 exd5 11.O-O a6 12.Nd4 Bd6 13.Bf3 Ne5 14.Bxd5 Nxd5 15.
Nxd5 Bxa3 16.bxa3 Qxd5 17.Bb2 Nc4 18.Qb3 b5 19.f3 Qg5 20.f4 Qe7 21.Rfe1 
Qe4 22.a4 Bb7 23.Re2 Nxb2 24.Qxb2 bxa4 25.Rxa4 Bd5 26.Qc2 Qe7 27.Qd3 Be4 
28.Qa3 Qf6 29.Ra2 Rfb8 30.Rb4 h5 31.h3 Qh4 32.Kh2 Qe1 33.Rxb8+ Rxb8 34.Re2
Qf1 35.Qxa6 Bxg2 36.Qa2 Qh1+ 37.Kg3 h4+ 38.Kxh4 Qxh3+ 39.Kg5 Qg3+ 40.Kf5 
Qg6+ 41.Ke5 Qf6# 0-1

[Event "Nordic Championship"]
[Site "Vaxjo"]
[Date "2017.06.26"]
[Round "1.9"]
[White "Kjartansson, Gudmundur"]
[Black "Petersson, Baldur Teodor"]
[Result "1-0"]
[WhiteElo "2464"]
[BlackElo "2086"]

1.d4 Nf6 2.c4 g6 3.Nc3 Bg7 4.e4 d6 5.h3 O-O 6.Bg5 h6 7.Be3 e5 8.d5 a5 9.
Bd3 Na6 10.Nge2 Nd7 11.Qd2 Kh7 12.g4 Ndc5 13.Bb1 Bd7 14.f3 Qh4+ 15.Bf2 Qg5
16.Qxg5 hxg5 17.h4 gxh4 18.Rxh4+ Kg8 19.Be3 f6 20.Kd2 Kf7 21.Bc2 Rh8 22.
Rah1 b6 23.a3 Rxh4 24.Rxh4 Rh8 25.Rxh8 Bxh8 26.Nc1 Bg7 27.N1a2 Bf8 28.b4 
axb4 29.axb4 Nb7 30.Ba4 Bxa4 31.Nxa4 f5 32.Kc3 f4 33.Bf2 Ke8 34.Nc1 Kd7 
35.Nd3 Be7 36.Kb3 Nd8 37.Nc3 Nf7 38.Ne2 Ng5 39.Ng1 Nf7 40.Ka4 Nb8 41.Kb5 
Kc8 42.c5 bxc5 43.bxc5 Nd7 44.c6 Nb8 45.Ne1 Bf6 46.Ng2 g5 47.Ne1 Nh6 48.
Ne2 Nf7 49.Nd3 Nh8 50.Nb2 Ng6 51.Nc4 Be7 52.Ka5 Bf6 53.Na3 Be7 54.Nb5 Bf6 
55.Na3 Be7 56.Nc2 Bf6 57.Kb5 Be7 58.Nb4 Bf6 59.Kc4 Be7 60.Kd3 Bf6 61.Kd2 
Be7 62.Ke1 Bf6 63.Kf1 Be7 64.Nc3 Nf8 65.Nb5 Ng6 66.Ba7 Bd8 67.Kg1 Nf8 68.
Kf2 Ng6 69.Ke2 Nf8 70.Bb6 cxb6 71.Nxd6+ Kc7 72.Nb5+ Kc8 73.d6 Nxc6 74.Nxc6
Bf6 75.Kd3 Kd7 76.Nb4 Ne6 77.Kc4 Nc5 78.Kd5 Nb3 79.Nc6 Nd2 80.Nb8+ Kc8 81.
Ke6 Nxe4 82.fxe4 f3 83.d7+ Kb7 84.Nd6+ Ka7 85.Nc6+ Ka6 86.Kxf6 f2 87.d8=Q 
f1=Q+ 88.Ke7 1-0

[Event "Nordic Championship"]
[Site "Vaxjo"]
[Date "2017.06.26"]
[Round "1.10"]
[White "Neretljak, Nedzad"]
[Black "Johansson, Linus"]
[Result "0-1"]
[WhiteElo "2083"]
[BlackElo "2448"]

1.e4 e6 2.d4 d5 3.e5 c5 4.c3 Qb6 5.Nf3 Nc6 6.Bd3 cxd4 7.O-O Bd7 8.a3 Nge7 
9.b4 Ng6 10.Re1 Be7 11.Bb2 O-O 12.cxd4 Rac8 13.Ra2 Nf4 14.Bf1 f6 15.g3 Ng6
16.Nc3 fxe5 17.Na4 Qc7 18.dxe5 Rf7 19.Bg2 Rcf8 20.Nc3 Qb6 21.Nxd5 exd5 22.
e6 Rxf3 23.Bxf3 Be8 24.Qxd5 Nxb4 25.axb4 Bc6 26.Qc4 Rxf3 27.Bc3 a6 28.Rd2 
h6 29.Rb2 Kh7 30.Bd4 Qb5 31.Qxb5 Bxb5 32.Bc5 Rd3 33.f4 Bxc5+ 34.bxc5 Ne7 
35.Kf2 Kg6 36.g4 Kf6 37.h4 Bc6 38.Re3 Rxe3 39.Kxe3 Kxe6 40.f5+ Kf6 41.Rd2 
Nd5+ 42.Ke4 a5 43.Kd4 h5 44.gxh5 Ne7 45.Kc4 Nxf5 46.Rh2 Ke5 47.Re2+ Kf4 
48.Re6 Kg4 49.Rg6+ Kxh4 50.Rxg7 Kxh5 51.Rg1 Ne3+ 52.Kd4 Ng2 53.Ke5 Kg4 54.
Kd6 Kf5 55.Rf1+ Ke4 56.Kc7 Ne3 57.Re1 Kd4 58.Ra1 Nc4 0-1

[Event "Nordic Championship"]
[Site "Vaxjo"]
[Date "2017.06.26"]
[Round "1.11"]
[White "Brynell, Stellan"]
[Black "Pettersson, Anders"]
[Result "1/2-1/2"]
[WhiteElo "2434"]
[BlackElo "2057"]

1.d4 d5 2.Nf3 Nf6 3.c4 e6 4.Nc3 Be7 5.Bg5 O-O 6.e3 h6 7.Bh4 b6 8.Bd3 dxc4 
9.Bxc4 Bb7 10.O-O Ne4 11.Nxe4 Bxh4 12.Nc3 Nd7 13.Qe2 Bf6 14.Rfd1 Qe7 15.e4
g6 16.Rac1 Rad8 17.Ba6 Ba8 18.Nb5 c6 19.Nc7 c5 20.Nxa8 Rxa8 21.Bb5 Rfd8 
22.dxc5 Nxc5 23.b4 Nb7 24.e5 Bg7 25.Qe4 Rxd1+ 26.Rxd1 Rd8 27.Rc1 a5 28.Bc6
Rb8 29.bxa5 Nxa5 30.Bb5 Rd8 31.h4 Nb7 32.a4 Nc5 33.Qe3 Rd5 34.Bc6 Rd3 35.
Qe2 Qd8 36.Rb1 Qc7 37.Bb5 Rd5 38.Re1 Nd7 39.Bxd7 Qxd7 40.Qc2 Rc5 41.Qb3 
Qc7 42.Qe3 Rc4 43.Rb1 Rxa4 44.Rxb6 Ra1+ 45.Kh2 Ra5 46.g3 Bxe5 47.Nxe5 Rxe5
48.Qd4 Rd5 49.Qb2 Qe5 50.Qxe5 Rxe5 51.Kg2 Kg7 52.Ra6 Kf6 53.Ra7 Rb5 54.Rc7
Rb6 55.Ra7 e5 56.Ra8 Ke6 57.Rh8 h5 58.Ra8 Kf5 59.Ra7 f6 60.Ra2 Rd6 61.Rb2 
g5 62.hxg5 Kxg5 63.Rb8 f5 64.Rg8+ Rg6 65.f4+ exf4 66.gxf4+ Kf6+ 67.Rxg6+ 
Kxg6 68.Kh3 Kh6 1/2-1/2

[Event "Nordic Championship"]
[Site "Vaxjo"]
[Date "2017.06.26"]
[Round "1.12"]
[White "Emmoth, Alfons"]
[Black "Lindgren, Philip"]
[Result "0-1"]
[WhiteElo "2053"]
[BlackElo "2420"]

1.d4 Nf6 2.c4 e6 3.Nf3 d5 4.Nc3 Nbd7 5.Bg5 h6 6.Bh4 c6 7.e3 g5 8.Bg3 Nh5 
9.Bd3 Nxg3 10.hxg3 Bg7 11.Qc2 Qe7 12.Rc1 dxc4 13.Bxc4 b6 14.O-O Bb7 15.
Rfd1 h5 16.e4 g4 17.Nh2 O-O 18.Nf1 c5 19.d5 Ne5 20.b3 Bh6 21.Rb1 Kg7 22.
Ne2 Qf6 23.dxe6 fxe6 24.Nf4 Bxf4 25.gxf4 Qxf4 26.Ng3 Rh8 27.Bxe6 h4 28.
Nf5+ Kf6 29.Rd6 h3 30.Bd5+ Kg5 31.Qc1 Bxd5 32.Rxd5 hxg2 33.Ng3 Rae8 34.
Kxg2 Qxc1 35.Rxc1 Re6 36.Rcd1 Kf6 37.Rd8 Rxd8 38.Rxd8 a5 39.Rf8+ Ke7 40.
Rf5 Kd6 41.Rg5 b5 42.Nf5+ Kc6 43.Rg8 a4 44.Ne3 c4 45.bxc4 bxc4 46.Rc8+ Kb5
47.Rb8+ Kc5 48.Rb1 Rd6 49.Rb2 Rd3 50.Kf1 Kd4 51.Rc2 Rxe3 52.fxe3+ Kd3 53.
Rc1 c3 54.Ke1 c2 0-1

[Event "Nordic Championship"]
[Site "Vaxjo"]
[Date "2017.06.26"]
[Round "1.13"]
[White "Hansen, Mads"]
[Black "Fernandez, Juan Pablo"]
[Result "1-0"]
[WhiteElo "2414"]
[BlackElo "2045"]

1.e4 c5 2.Nf3 g6 3.d4 cxd4 4.Qxd4 Nf6 5.Nc3 Nc6 6.Qa4 d6 7.e5 dxe5 8.Nxe5 
Bd7 9.Nxd7 Qxd7 10.Be3 Bg7 11.Be2 O-O 12.Rd1 Qc8 13.O-O Rd8 14.h3 Qc7 15.
Rxd8+ Rxd8 16.Bxa7 Ra8 17.Bb6 Rxa4 18.Bxc7 Rb4 19.Nd1 Nd4 20.Bd3 Nxc2 21.
Be5 Nd4 22.a3 Rb3 23.Bc4 1-0

[Event "Nordic Championship"]
[Site "Vaxjo"]
[Date "2017.06.26"]
[Round "1.14"]
[White "Crevatin, Leo"]
[Black "Ernst, Thomas"]
[Result "0-1"]
[WhiteElo "2044"]
[BlackElo "2381"]

1.d4 Nf6 2.Bf4 c5 3.e3 e6 4.c3 Qb6 5.Qb3 Nd5 6.Bg3 cxd4 7.Qxb6 Nxb6 8.exd4
d5 9.Nd2 Bd7 10.Ngf3 Nc6 11.Ne5 Nxe5 12.Bxe5 f6 13.Bg3 Be7 14.Bd3 Na4 15.
Rb1 Kf7 16.O-O Rhc8 17.Rfc1 b5 18.Nb3 Nb6 19.Na5 Nc4 20.b4 Nxa5 21.bxa5 a6
22.a4 bxa4 23.Rb7 Bc6 24.Rb6 Bb5 25.Bxb5 axb5 26.Rxb5 Bd8 27.Rb7+ Kg6 28.
Bd6 Bxa5 29.Bb4 Bxb4 30.Rxb4 a3 31.Rbb1 a2 32.Ra1 Ra3 33.g3 Rb8 34.Kg2 Rb2
35.Kf3 e5 36.Ke3 Kf5 37.h3 Ke6 38.f3 Rg2 39.g4 Rb3 40.dxe5 fxe5 41.Kd3 
Rbb2 42.Rd1 Kd6 43.c4 Rb3# 0-1

[Event "Nordic Championship"]
[Site "Vaxjo"]
[Date "2017.06.26"]
[Round "1.15"]
[White "Schneider, Stefan"]
[Black "Alquist, Erik"]
[Result "1-0"]
[WhiteElo "2360"]
[BlackElo "2040"]

1.d4 Nf6 2.c4 g6 3.Nc3 Bg7 4.e4 d6 5.Be2 O-O 6.Bg5 c5 7.d5 e6 8.Nf3 exd5 
9.exd5 Qb6 10.Qd2 Bf5 11.Nh4 Ne4 12.Nxe4 Bxe4 13.f3 h6 14.Bxh6 Bxh6 15.
Qxh6 Qxb2 16.O-O Bc2 17.Kh1 Re8 18.Qd2 Qd4 19.Qxc2 Qxh4 20.Bd3 Kg7 21.Qb2+
Qd4 22.Qxb7 Na6 23.Bxg6 Kxg6 24.Qxa6 Qe5 25.f4 Qf6 26.Qa3 Kg7 27.Qg3+ Kf8 
28.Rae1 Rxe1 29.Rxe1 Re8 30.Rxe8+ Kxe8 31.Qg8+ Kd7 32.Qg4+ Kc7 33.h4 Qa1+ 
34.Kh2 Qxa2 35.Qf5 Qxc4 36.h5 Qd4 37.h6 c4 38.Qxf7+ Kb6 39.h7 c3 40.Qf8 c2
41.Qxd6+ Ka5 42.Qc7+ Kb5 43.Qxc2 Qxf4+ 44.g3 Qe5 45.d6 Ka6 46.Qc8+ Ka5 47.
h8=Q Qe2+ 48.Kh3 Qf1+ 49.Kh4 Qh1+ 50.Kg5 1-0

[Event "Nordic Championship"]
[Site "Vaxjo"]
[Date "2017.06.26"]
[Round "1.16"]
[White "Karlsson, Ulf"]
[Black "Nielsen, Rogvi Egilstoft"]
[Result "0-1"]
[WhiteElo "2027"]
[BlackElo "2353"]

1.e4 e5 2.Nf3 Nc6 3.Nc3 Nf6 4.d4 exd4 5.Nxd4 Bb4 6.Nxc6 bxc6 7.Bd3 d5 8.
exd5 cxd5 9.O-O O-O 10.Bg5 c6 11.Ne2 h6 12.Bh4 Bd6 13.Nd4 c5 14.Nb5 Bb8 
15.c4 Bb7 16.Bxf6 Qxf6 17.Re1 dxc4 18.Be4 Bxe4 19.Rxe4 Qxb2 20.Rb1 Qxa2 
21.Qc1 Rd8 22.Qe1 Bd6 23.Re2 Qa6 24.Nc3 Bc7 25.Ne4 Qc6 26.Qc3 Rd4 27.Nd2 
Rad8 28.Nf3 Rd3 29.Qxc4 Rxf3 0-1

[Event "Nordic Championship"]
[Site "Vaxjo"]
[Date "2017.06.26"]
[Round "1.17"]
[White "Lokander, Martin"]
[Black "Buchert, Vitus"]
[Result "1-0"]
[WhiteElo "2329"]
[BlackElo "1970"]

1.d4 Nf6 2.c4 c5 3.d5 e6 4.Nc3 exd5 5.cxd5 d6 6.e4 g6 7.Bd3 Bg7 8.h3 O-O 
9.Nge2 Na6 10.O-O Re8 11.Ng3 Nc7 12.Bg5 h6 13.Be3 b6 14.Qd2 h5 15.Bg5 Ba6 
16.Bxa6 Nxa6 17.f4 Qd7 18.f5 Rf8 19.e5 dxe5 20.Bxf6 Bxf6 21.Nce4 Kg7 22.
fxg6 fxg6 23.Nxf6 Rxf6 24.Rxf6 Kxf6 25.Rf1+ Kg7 26.Nxh5+ Kh8 27.Nf6 Qg7 
28.Qg5 1-0

[Event "Nordic Championship"]
[Site "Vaxjo"]
[Date "2017.06.26"]
[Round "1.18"]
[White "Green, Per"]
[Black "Rostgaard, Tobias Valentin"]
[Result "0-1"]
[WhiteElo "1965"]
[BlackElo "2327"]

1.c4 Nf6 2.Nf3 e6 3.g3 d5 4.Bg2 Be7 5.O-O O-O 6.d4 dxc4 7.Qc2 a6 8.a4 Bd7 
9.Qxc4 Bc6 10.Bf4 a5 11.Nc3 Na6 12.Rac1 Nb4 13.Ne5 Bxg2 14.Kxg2 c6 15.e4 
Nd7 16.Rfd1 Nb6 17.Qe2 Bd6 18.Be3 Qe7 19.Nf3 f5 20.Bg5 Qf7 21.Re1 h6 22.
Bd2 Rad8 23.b3 Bb8 24.Nd1 fxe4 25.Qxe4 N6d5 26.Re2 Rfe8 27.Bxb4 axb4 28.
Ne5 Bxe5 29.Qxe5 Qf5 30.Qe4 Qh5 31.Rc5 e5 32.dxe5 Nf4+ 33.gxf4 Qg4+ 34.Kf1
Rxd1+ 35.Re1 Qh3+ 36.Kg1 Rxe1+ 37.Qxe1 Re6 38.f5 Qxf5 39.Qe3 Rg6+ 40.Kf1 
Qg4 41.Rc1 Qg2+ 42.Ke2 Rg4 43.Qc5 Re4+ 44.Kd3 Qf3+ 45.Kc2 Re2+ 46.Kb1 
Qxb3+ 0-1

[Event "Nordic Championship"]
[Site "Vaxjo"]
[Date "2017.06.26"]
[Round "1.19"]
[White "Kenneskog, Theodor"]
[Black "Nilsson, Mattias"]
[Result "1-0"]
[WhiteElo "2318"]
[BlackElo "1947"]

1.d4 Nf6 2.c4 e6 3.Nf3 b6 4.g3 Bb7 5.Bg2 c5 6.d5 exd5 7.Ng5 h6 8.Nh3 Qc8 
9.cxd5 d6 10.Nc3 Be7 11.O-O Nbd7 12.f4 O-O 13.e4 Re8 14.Re1 Bf8 15.Nf2 a6 
16.b3 b5 17.Bb2 Qc7 18.Rc1 Rab8 19.Rc2 Qa5 20.Rce2 Qc7 21.Qa1 c4 22.b4 Bc8
23.Ncd1 a5 24.a3 Bb7 25.Ne3 axb4 26.axb4 Ra8 27.Qc1 Ra4 28.Bc3 Rea8 29.Nf5
Qd8 30.Qd1 Qb6 31.h3 Nh5 32.Bf3 Nhf6 33.Re3 g6 34.Nd4 Bg7 35.Nc6 Ra3 36.e5
dxe5 37.fxe5 Nh7 38.Bd4 Qa6 39.Na5 Rxe3 40.Rxe3 Ng5 41.Bg2 Re8 42.h4 Nh7 
43.Nxb7 Qxb7 44.e6 Bxd4 45.exd7 Qxd7 46.Rxe8+ Qxe8 47.Qxd4 Qe1+ 48.Kh2 c3 
49.d6 Nf8 50.Ne4 1-0

[Event "Nordic Championship"]
[Site "Vaxjo"]
[Date "2017.06.26"]
[Round "1.20"]
[White "Skjoldager, Flemming"]
[Black "Pantzar, Milton"]
[Result "0-1"]
[WhiteElo "1906"]
[BlackElo "2313"]

1.Nf3 d5 2.e3 Nf6 3.c4 e6 4.b3 c5 5.Bb2 Nc6 6.cxd5 exd5 7.d4 cxd4 8.exd4 
Bb4+ 9.Nfd2 O-O 10.Be2 Qb6 11.a3 Bxd2+ 12.Nxd2 Nxd4 13.Nc4 dxc4 14.Bxd4 
Qxb3 15.Qc1 Re8 16.Rb1 Rxe2+ 0-1

[Event "Nordic Championship"]
[Site "Vaxjo"]
[Date "2017.06.26"]
[Round "1.21"]
[White "Rydstrom, Tom"]
[Black "Eriksson, Per"]
[Result "1-0"]
[WhiteElo "2313"]
[BlackElo "1891"]

1.Nc3 e5 2.Nf3 Nc6 3.d4 exd4 4.Nxd4 Nf6 5.Bg5 Be7 6.Nf5 O-O 7.Nxe7+ Nxe7 
8.Bxf6 gxf6 9.Qd4 Nc6 10.Qh4 d5 11.O-O-O Be6 12.Nxd5 Bxd5 13.e4 Ne5 14.
exd5 Qd6 15.Bd3 Ng6 16.Bxg6 fxg6 17.Qc4 Rfe8 18.h4 Re5 19.h5 gxh5 20.Qd3 
Rd8 21.c4 Rg5 22.g3 c6 23.f4 Rg7 24.Rxh5 Qc5 25.dxc6 Rxd3 26.Rxc5 Rxd1+ 
27.Kxd1 bxc6 28.Rxc6 Rxg3 29.Rxf6 Kg7 30.Ra6 h5 31.Ke1 h4 32.Rxa7+ Kg6 33.
Ra3 Rg2 34.b4 Kf5 35.Kf1 Rc2 36.Rf3 Rxc4 37.b5 Rc1+ 38.Kg2 Kg4 39.Rf2 Rc3 
40.b6 Rg3+ 41.Kh2 Rh3+ 42.Kg1 Rc3 43.b7 1-0

[Event "Nordic Championship"]
[Site "Vaxjo"]
[Date "2017.06.26"]
[Round "1.22"]
[White "Sjostrand, Joel"]
[Black "Dragicevic, Drazen"]
[Result "0-1"]
[WhiteElo "1890"]
[BlackElo "2306"]

1.c4 Nf6 2.g3 c5 3.Bg2 d5 4.cxd5 Nxd5 5.Nc3 Nc7 6.Nf3 Nc6 7.O-O e5 8.d3 
Be7 9.Be3 O-O 10.Qd2 Rb8 11.Ng5 Nd4 12.Nh3 b5 13.Rac1 Bb7 14.Ne4 f5 15.
Neg5 Bxg2 16.Kxg2 Qd5+ 17.f3 h6 18.Bxd4 Qxd4 19.Qa5 Qd7 20.Qxa7 hxg5 0-1

[Event "Nordic Championship"]
[Site "Vaxjo"]
[Date "2017.06.26"]
[Round "1.23"]
[White "Kucuksari, Kaan"]
[Black "Halvarsson, Peter"]
[Result "1-0"]
[WhiteElo "2299"]
[BlackElo "1889"]

1.d4 g6 2.Nf3 Bg7 3.c4 c5 4.d5 d6 5.e4 Nf6 6.Nc3 O-O 7.h3 Na6 8.Be2 Nc7 9.
Bf4 Nfe8 10.O-O a6 11.a4 Rb8 12.e5 b6 13.Re1 Bd7 14.Bd3 b5 15.axb5 axb5 
16.Qe2 bxc4 17.Bxc4 Bc8 18.Bg5 f6 19.exf6 exf6 20.Bf4 Bd7 21.Ne4 Rb6 22.
Nxc5 dxc5 23.d6+ Kh8 24.dxc7 Nxc7 25.Ra7 Rc6 26.Qe7 Qc8 27.Rxc7 Rxc7 28.
Bxc7 Qxc7 29.Be6 Qb8 30.Bxd7 Qxb2 31.Qxc5 Qb8 32.Bb5 Rc8 33.Qxc8+ 1-0

[Event "Nordic Championship"]
[Site "Vaxjo"]
[Date "2017.06.26"]
[Round "1.24"]
[White "Knutsson, Hakan"]
[Black "Tuomainen, Felix"]
[Result "0-1"]
[WhiteElo "1880"]
[BlackElo "2294"]

1.e4 e6 2.d4 d5 3.Nc3 Nf6 4.Bg5 dxe4 5.Nxe4 Be7 6.Bxf6 gxf6 7.Nf3 f5 8.
Ned2 c5 9.Bb5+ Nd7 10.dxc5 a6 11.Bxd7+ Bxd7 12.Ne5 Bxc5 13.Nb3 Bb6 14.
Qxd7+ Qxd7 15.Nxd7 Kxd7 16.Rd1+ Ke7 17.Ke2 Rad8 18.Rxd8 Rxd8 19.Re1 Kf6 
20.f3 Rg8 21.Kf1 e5 22.Rd1 Ke6 23.Nd2 Rc8 24.c4 Be3 25.b3 b5 26.cxb5 axb5 
27.Ke2 Bd4 28.Nf1 h5 29.Rd2 f4 30.Kd1 Bc3 31.Rc2 b4 32.Nd2 Rd8 33.Ke2 
Rxd2+ 34.Rxd2 Bxd2 35.Kxd2 h4 36.Kc2 Kd5 37.Kb2 e4 38.Kc2 f5 39.Kd2 Kd4 
40.Ke2 e3 0-1

[Event "Nordic Championship"]
[Site "Vaxjo"]
[Date "2017.06.26"]
[Round "1.25"]
[White "Vernersson, Per"]
[Black "Ranby, Hans"]
[Result "1-0"]
[WhiteElo "2290"]
[BlackElo "1873"]

1.d4 Nf6 2.c4 b6 3.Nc3 Bb7 4.d5 e6 5.e4 exd5 6.cxd5 Bb4 7.Bd3 O-O 8.Ne2 d6
9.O-O Bxc3 10.Nxc3 Nbd7 11.Re1 Nc5 12.Bf1 a5 13.Bg5 h6 14.Bh4 Rc8 15.f4 
Kh8 16.Qd4 Kh7 17.Rad1 Ba6 18.Bxa6 Nxa6 19.e5 Nb4 20.exf6 g6 21.Re2 Qd7 
22.a3 Na6 23.h3 Rfe8 24.Re7 Rxe7 25.fxe7 Re8 26.Ne4 1-0

[Event "Nordic Championship"]
[Site "Vaxjo"]
[Date "2017.06.26"]
[Round "1.26"]
[White "Helin, Mikael"]
[Black "Keinanen, Toivo"]
[Result "0-1"]
[WhiteElo "1861"]
[BlackElo "2287"]

1.e4 c5 2.Nc3 g6 3.g3 Nc6 4.Bg2 Bg7 5.d3 e6 6.Be3 d6 7.Qd2 Nd4 8.Nd1 Ne7 
9.c3 Ndc6 10.Ne2 b6 11.Nc1 d5 12.Bh6 Kf8 13.f3 e5 14.Nf2 d4 15.c4 f6 16.
Ne2 a6 17.h3 b5 18.b3 Bxh6 19.Qxh6+ Kf7 20.O-O bxc4 21.dxc4 Qd6 22.f4 Ng8 
23.Qh4 Kg7 24.Nd3 Bb7 25.Rf2 Nge7 26.Raf1 Raf8 27.a3 h5 28.Rb1 g5 29.fxg5 
Ng6 30.gxf6+ Kh6 31.Qxh5+ Kxh5 32.Rbf1 Bc8 33.g4+ Kh6 34.b4 cxb4 35.c5 Qd8
36.axb4 Nh4 37.Ng3 Rhg8 38.f7 Rg6 39.Nf5+ Kh7 40.Nd6 Nxg2 41.Kxg2 Be6 42.
Ne1 Nxb4 43.Nf3 Nd3 44.Rd2 Nxc5 45.Nf5 Nxe4 0-1

[Event "Nordic Championship"]
[Site "Vaxjo"]
[Date "2017.06.26"]
[Round "1.27"]
[White "Seo, Jung Min"]
[Black "Nebrin, Johan"]
[Result "1-0"]
[WhiteElo "2276"]
[BlackElo "1834"]

1.e4 e5 2.Nf3 Nf6 3.d4 Nxe4 4.Bd3 d5 5.Nxe5 Bd6 6.O-O O-O 7.c4 c5 8.cxd5 
cxd4 9.Bxe4 Bxe5 10.Bxh7+ Kxh7 11.Qh5+ Kg8 12.Qxe5 Re8 13.Qxd4 Nc6 14.Qd1 
Nb4 15.Nc3 Bf5 16.Be3 Bd3 17.Re1 Be4 18.Bd4 Nc2 19.Rxe4 Rxe4 20.Nxe4 Nxa1 
21.Qg4 g6 22.Qh3 f6 23.Nxf6+ Kf8 24.Qh7 Rc8 25.Qg8+ Ke7 26.Qe6+ Kf8 27.
Nh7# 1-0

[Event "Nordic Championship"]
[Site "Vaxjo"]
[Date "2017.06.26"]
[Round "1.28"]
[White "Sukhayanudit, Apichai"]
[Black "Thogersen, Rasmus"]
[Result "0-1"]
[WhiteElo "1819"]
[BlackElo "2222"]

1.e4 c5 2.Nf3 d6 3.Bc4 Nf6 4.e5 dxe5 5.Nxe5 e6 6.O-O Bd6 7.Re1 O-O 8.d3 
Qc7 9.Nf3 a6 10.Bg5 Nbd7 11.c3 b5 12.Bb3 Ng4 13.h3 Nge5 14.Bc2 h6 15.Nxe5 
Nxe5 16.Bf4 Nf3+ 17.Qxf3 Bxf4 18.g3 Bd6 19.Kh2 Bb7 20.Qh5 Qc6 21.Rg1 g6 
22.Qxh6 Qf3 23.Qd2 Kg7 24.Bd1 Rh8 25.Bxf3 Bxf3 26.Rg2 Rxh3+ 27.Kg1 Rah8 
28.Kf1 Rh1+ 29.Rg1 Rxg1+ 0-1

[Event "Nordic Championship"]
[Site "Vaxjo"]
[Date "2017.06.26"]
[Round "1.29"]
[White "Lind, Jan-Olov"]
[Black "Knoppel, Bjorn"]
[Result "1-0"]
[WhiteElo "2222"]
[BlackElo "1805"]

1.Nf3 e6 2.e4 d5 3.Nc3 Nf6 4.e5 Nfd7 5.d4 c5 6.dxc5 Nc6 7.Bf4 Bxc5 8.Bd3 
Qb6 9.O-O Qxb2 10.Nb5 Qb4 11.Bd2 Qa4 12.Nc7+ Kd8 13.Nxa8 b5 14.Qe2 a6 15.
Bg5+ f6 16.exf6 Nxf6 17.Ne5 Nd4 18.Qd2 Rf8 19.c3 Bb7 20.cxd4 Bxd4 21.Bc2 
Bxe5 22.Bxa4 Bxa8 23.Rae1 Bd6 24.Rxe6 Kd7 25.Rxd6+ 1-0

[Event "Nordic Championship"]
[Site "Vaxjo"]
[Date "2017.06.26"]
[Round "1.30"]
[White "Svensson, Bengt"]
[Black "Malm Lindberg, Henrik"]
[Result "0-1"]
[WhiteElo "1784"]
[BlackElo "2214"]

1.e4 c5 2.Nf3 e6 3.d4 cxd4 4.Nxd4 Nf6 5.Nc3 d6 6.Bd3 Nc6 7.Be3 Be7 8.O-O 
O-O 9.Kh1 a6 10.a4 d5 11.exd5 exd5 12.Nxc6 bxc6 13.Na2 c5 14.c3 Be6 15.Qe2
a5 16.Bb5 Qd6 17.f3 Qe5 18.f4 Qf5 19.Bd3 Ne4 20.Nc1 Rab8 21.Rb1 h5 22.Qf3 
h4 23.Ne2 h3 24.g3 Qg4 25.f5 Qxf3+ 26.Rxf3 Bd7 27.Bc2 Nf6 28.Nf4 Bc6 29.
Nxh3 d4 0-1

[Event "Nordic Championship"]
[Site "Vaxjo"]
[Date "2017.06.26"]
[Round "1.31"]
[White "Wengholm, Anders"]
[Black "Ottosson, Bjorn"]
[Result "1-0"]
[WhiteElo "2209"]
[BlackElo "1761"]

1.Nf3 c5 2.c4 Nc6 3.Nc3 Nf6 4.g3 e5 5.Bg2 d6 6.O-O Be7 7.d3 h6 8.a3 O-O 9.
Rb1 a5 10.Ne1 Rb8 11.Nc2 Nd4 12.b4 axb4 13.axb4 Nxc2 14.Qxc2 cxb4 15.Nd5 
Nxd5 16.Bxd5 Bh3 17.Re1 b5 18.Rxb4 Qc7 19.Bd2 Rfc8 20.Reb1 bxc4 21.Rxc4 
Rxb1+ 22.Qxb1 Rb8 23.Qa2 Qd7 24.Rb4 Rc8 25.Bxf7+ Kh7 26.Bd5 Rc5 27.Rb7 Qc8
28.Be4+ Kh8 29.Qb1 Qd8 30.Rb8 Rc8 31.Rxc8 Qxc8 32.Qb7 Qxb7 33.Bxb7 g5 34.
Bd5 Kg7 35.f3 Bd7 36.Kf2 Kf6 37.f4 Bg4 38.Bf3 Bd7 39.fxg5+ hxg5 40.h4 gxh4
41.gxh4 Kf5 42.Kg3 Be8 43.Be4+ Ke6 44.Kg4 d5 45.Bf5+ Kf7 46.Bg5 Bf8 47.Bc8
Bb5 48.Kf5 Ke8 49.Kxe5 1-0